00561nam a2200157 a 450000100100000000500170001000800410002702000180006804000250008610000290011124501080014026000360024830000250028450000620030970000320037100003230120200930063612.0110714s2012 dr 000 0 spa d a9789945882728 aDO-SdBNPbspacBNPHU1 aBautista Lorenzo, Israel14aMercado laboral docente en la región de el valle /cIsrael Bautista Lorenzo, Luisa Criselba Paniagua. aSanto Domingo :bBúho,c2012. a82 p. ;cil.c23 cm. aIncluye datos biográficos de los autores en las solapas1 aPaniagua, Criselba Paniagua